Morte em Veneza / (Registro n. 7770)
[ somente texto ]
| 000 -LÍDER | |
|---|---|
| campo de controle de tamanho fixo | 01447nam a2200241 a 4500 |
| 001 - NÚMERO DE CONTROLE | |
| campo de controle | BS0002712 |
| 003 - IDENTIFICADOR DO NÚMERO DE CONTROLE | |
| campo de controle | BR-BrBNA |
| 005 - DATA E HORÁRIO DA ÚLTIMA TRANSAÇÃO | |
| campo de controle | 20230418192116.0 |
| 008 - CAMPO DE DADOS FIXOS--INFORMAÇÃO GERAL | |
| campo de controle de tamanho fixo | 230308b |||||||| |||| 00| 0 por d |
| 040 ## - FONTE DA CATALOGAÇÃO | |
| Instituição da catalogação original | BR-BrBNA |
| Idioma da catalogação | por |
| Instituição que transcreveu o registro | Biblioteca Nacional de Agricultura |
| 041 ## - CÓDIGO DE IDIOMA | |
| Código do idioma do texto/trilha sonora ou título diferente | por |
| 072 ## - CÓDIGO DE CATEGORIA DE ASSUNTO | |
| Código de Categoria de Assunto | S83 |
| 090 ## - NÚMERO DE CHAMADA LOCAL | |
| Número de chamada | S83 BS0002712 |
| 100 1# - ENTRADA PRINCIPAL--NOME PESSOAL | |
| Nome pessoal | Mann, Thomas |
| 245 1# - TÍTULO | |
| Título | Morte em Veneza / |
| 260 3# - PUBLICAÇÃO, DISTRIBUIÇÃO, ETC. | |
| Local de publicação, distribuição, etc. | São Paulo, SP: |
| Nome do editor, distribuidor, etc. | Folha de São Paulo, |
| Data da publicação, distribuição, etc. | 2003. |
| 300 ## - DESCRIÇÃO FÍSICA | |
| Extensão | 94 p. |
| 500 ## - NOTA GERAL | |
| Nota geral | Título Original: Der Tod in Venedig. Tradução de Eloísa Ferreira Araújo Silva.<br/> |
| 520 3# - NOTA DE RESUMO, ETC | |
| Resumo, etc. | Estamos nos primeiros anos do século 20, e o escritor alemão Gustav von Aschenbach está inquieto em sua velha Munique. Tomado por "uma espécie de vago desassossego", Aschenbach decide partir para Veneza. Considerado um dos mais importantes escritores de seu país, laureado com título de nobreza, Aschenbach representa o modelo do artista rigoroso, racional, ascético, obcecado com a perfeição da forma e a beleza ideal. Ao chegar à cidade italiana, ela mesma uma rara materialização do belo, Aschenbach hospeda-se em um luxuoso hotel à beira-mar. É aí que encontra o adolescente Tadzio, cuja beleza natural superava todos os esforços da arte. Fascinado pela perfeição física do jovem, o artista sucumbe a uma paixão platônica que o levará à ruína. |
| 650 ## - ASSUNTO--TERMO TÓPICO | |
| Cabeçalho tópico ou nome geográfico | LITERATURA ALEMÃ |
| 909 ## - | |
| -- | 202304 |
| -- | Sergio Santos |
| -- | 56 |
| -- | Sergio Santos |
| 942 ## - ELEMENTOS DE ENTRADA ADICIONADOS (KOHA) | |
| Tipo de material Koha | Livros |
| Situação do descarte | Fonte da classificação ou esquema de arquivamento na estante | Situação física | Não pode ser emprestado | Coleção | Biblioteca de origem | Biblioteca atual | Total de empréstimos | Número de telefone completo | Código de barras | Data de último acesso | Número do exemplar | Tipo de material Koha | Situação das perdas | Data de aquisição | Fonte de aquisição | Qualificador de local codificado |
|---|---|---|---|---|---|---|---|---|---|---|---|---|---|---|---|---|
| Classificação AGRIS | Acervo Cultural | Biblioteca Nacional de Agricultura - Binagri | Biblioteca Nacional de Agricultura - Binagri | S83 BS0002712 | S83 BS0002712 | 12/04/2023 | 01 | Livros | 2023-04-04 | Doação | S83 |

BINAGRI